[Event "Girona-ch "]
[Site "Girona"]
[Date "2017.11.19"]
[Round "7"]
[White "Otones Lopez, Antonio"]
[Black "Perdomo Raudales, Javier Fern"]
[Result "1/2-1/2"]
[WhiteElo "1814"]
[BlackElo "1678"]
[PlyCount "40"]
[EventDate "2017.10.08"]
[EventType "swiss"]
[EventRounds "9"]
[EventCountry "ESP"]
[SourceTitle "CBM 181 Extra"]
[Source "ChessBase"]
[SourceDate "2017.12.12"]
[SourceVersion "1"]
[SourceVersionDate "2017.12.12"]
[SourceQuality "1"]

1. Nc3 Nf6 2. Nf3 g6 3. g3 Bg7 4. Bg2 d6 5. 0-0 0-0 6. d4 Nbd7 7. Bg5 Ne8 8. Qd2 f6 9. Bh6 c6 10. Bxg7 Nxg7 11. e4 e5 12. d5 c5 13. Ne2 Nb6 14. b3 f5 15. Qh6 Qc7 16. Ng5 Ne8 17. c4 Qg7 18. Qxg7+ Nxg7 19. Nc3 h6 20. Nf3 a6 1/2-1/2

[Event "Catalunya-ch U18"]
[Site "Girona"]
[Date "2017.01.17"]
[Round "1.2"]
[White "Nunez Colome, David"]
[Black "Perdomo Raudales, Javier Fern"]
[Result "1-0"]
[WhiteElo "2083"]
[BlackElo "1828"]
[PlyCount "25"]
[EventDate "2017.01.17"]
[EventType "swiss"]
[EventRounds "7"]
[EventCountry "ESP"]
[SourceTitle "EXT 2024"]
[Source "ChessBase"]
[SourceDate "2023.10.10"]
[SourceVersion "1"]
[SourceVersionDate "2023.10.10"]
[SourceQuality "1"]

1. e4 e5 2. Nf3 Nc6 3. Bc4 Bc5 4. 0-0 d6 5. d4 exd4 6. e5 dxe5 7. Re1 Nge7 8. Nxe5 Nxe5 9. Rxe5 Bd6 10. Qf3 Bxe5 11. Qxf7+ Kd7 12. Qe6+ Ke8 13. Qxe5 1-0

[Event "Figueres op-B 17th"]
[Site "Figueres"]
[Date "2016.08.16"]
[Round "7"]
[White "Perez Fonolleras, Oliver"]
[Black "Perdomo Raudales, Javier Fern"]
[Result "1-0"]
[WhiteElo "1468"]
[BlackElo "1783"]
[PlyCount "67"]
[EventDate "2016.08.11"]
[EventType "swiss"]
[EventRounds "9"]
[EventCountry "ESP"]
[SourceTitle "EXT 2017"]
[Source "ChessBase"]
[SourceDate "2016.10.25"]
[SourceVersion "1"]
[SourceVersionDate "2016.10.25"]
[SourceQuality "1"]

1. e4 e5 2. Nf3 Nc6 3. Bb5 a6 4. Ba4 Nf6 5. 0-0 d6 6. c3 Nxe4 7. d4 b5 8. Bb3 Be7 9. Bd5 Bd7 10. Bxe4 Rc8 11. Qc2 g6 12. Rd1 f5 13. Bxc6 Bxc6 14. dxe5 Bxf3 15. gxf3 0-0 16. Bh6 Rf7 17. f4 Bf8 18. e6 Bxh6 19. exf7+ Kxf7 20. a4 Qh4 21. f3 Bxf4 22. Qf2 Qg5+ 23. Kh1 Be3 24. Qg2 Re8 25. Qxg5 Bxg5 26. axb5 axb5 27. Ra7 Re2 28. Na3 Be3 29. Rb7 Bb6 30. Nxb5 Kf6 31. Nxd6 cxd6 32. Rxd6+ Re6 33. Rbxb6 Rxd6 34. Rxd6+ 1-0

[Event "Catalunya-ch Previa"]
[Site "Girona"]
[Date "2016.01.16"]
[Round "1.1"]
[White "Perdomo Raudales, Javier Fern"]
[Black "Salagran Ferragut, Guillem"]
[Result "0-1"]
[WhiteElo "1795"]
[BlackElo "2245"]
[PlyCount "60"]
[EventDate "2016.01.16"]
[EventType "swiss"]
[EventRounds "5"]
[EventCountry "ESP"]
[SourceTitle "EXT 2024"]
[Source "ChessBase"]
[SourceDate "2023.10.10"]
[SourceVersion "1"]
[SourceVersionDate "2023.10.10"]
[SourceQuality "1"]

1. e4 c5 2. Nc3 e6 3. f4 d5 4. e5 Nc6 5. Nf3 Be7 6. d4 Nh6 7. Bb5 0-0 8. Bxc6 bxc6 9. 0-0 Nf5 10. Ne2 Ba6 11. Re1 Qb6 12. Kh1 Bxe2 13. Rxe2 Nxd4 14. Nxd4 cxd4 15. Qe1 Bb4 16. Qg3 Kh8 17. c3 Bc5 18. Bd2 Qxb2 19. Rae1 Qb6 20. h4 dxc3 21. Bxc3 d4 22. Bd2 Rad8 23. Rf2 Be7 24. Ref1 c5 25. h5 h6 26. Qh3 c4 27. Rf3 Qa6 28. R1f2 c3 29. Be1 Qc4 30. g4 c2 0-1

[Event "Santa Eugenia op 10th"]
[Site "Santa Eugenia"]
[Date "2015.??.??"]
[Round "3"]
[White "Perdomo Raudales, Javier Fern"]
[Black "Arribas Viera, David"]
[Result "0-1"]
[WhiteElo "1677"]
[BlackElo "1947"]
[PlyCount "66"]
[EventDate "2015.04.17"]
[EventType "swiss"]
[EventRounds "9"]
[EventCountry "ESP"]
[SourceTitle "EXT 2016"]
[Source "ChessBase"]
[SourceDate "2015.10.08"]
[SourceVersion "1"]
[SourceVersionDate "2015.10.08"]
[SourceQuality "1"]

1. e4 c5 2. Nc3 e6 3. f4 a6 4. Nf3 Nc6 5. d3 d6 6. Be2 Nf6 7. 0-0 Be7 8. Bd2 b5 9. Qe1 0-0 10. h3 Bb7 11. Nh2 Nd4 12. Bd1 Nd7 13. Ne2 Bf6 14. c3 Nxe2+ 15. Bxe2 g6 16. Ng4 Bg7 17. Qg3 f5 18. Nf2 b4 19. cxb4 Bxb2 20. Rab1 Bd4 21. Be3 e5 22. fxe5 Bxe3 23. Qxe3 f4 24. Qd2 dxe5 25. bxc5 Nxc5 26. Qb4 Qd6 27. Rfc1 Rfc8 28. Rxc5 Rxc5 29. Qxb7 Rac8 30. Rb6 Qd4 31. Rxa6 Rc1+ 32. Bf1 Rxf1+ 33. Kh2 Qxf2 0-1

[Event "Santa Eugenia op 10th"]
[Site "Santa Eugenia"]
[Date "2015.??.??"]
[Round "4"]
[White "Verano Costentin, Abraham"]
[Black "Perdomo Raudales, Javier Fern"]
[Result "0-1"]
[WhiteElo "1828"]
[BlackElo "1677"]
[PlyCount "116"]
[EventDate "2015.04.17"]
[EventType "swiss"]
[EventRounds "9"]
[EventCountry "ESP"]
[SourceTitle "EXT 2016"]
[Source "ChessBase"]
[SourceDate "2015.10.08"]
[SourceVersion "1"]
[SourceVersionDate "2015.10.08"]
[SourceQuality "1"]

1. e4 e5 2. Nf3 Nc6 3. Bc4 Nf6 4. Nc3 Bc5 5. Na4 Nxe4 6. Nxc5 Nxc5 7. d3 d5 8. Bb5 Bd7 9. 0-0 f6 10. Re1 0-0 11. d4 Nxd4 12. Nxd4 c6 13. Nb3 Nxb3 14. axb3 cxb5 15. Qxd5+ Kh8 16. Qxb7 Bf5 17. c3 Qd7 18. Qa6 Rfd8 19. Be3 Bc2 20. b4 Qd3 21. Qe6 Rd7 22. Rxa7 Rdxa7 23. Bxa7 Rd8 24. Bb6 Qd1 25. Rf1 Qd6 26. Qxd6 Rxd6 27. Bc5 Rd2 28. Be3 Re2 29. Ra1 Kg8 30. Kf1 Bd3 31. Kg1 Rxb2 32. h3 Rc2 33. Rc1 Rxc1+ 34. Bxc1 Kf7 35. f3 f5 36. Kf2 f4 37. g3 g5 38. h4 fxg3+ 39. Kxg3 gxh4+ 40. Kxh4 Ke6 41. Kg5 Kd5 42. Kf6 Kc4 43. Bd2 Kd5 44. Ke7 Bg6 45. Kd7 h5 46. Bg5 Kc4 47. Kc6 Be8+ 48. Kd6 Kxc3 49. Kxe5 Kxb4 50. Kd4 Kb3 51. Kc5 Ka4 52. f4 b4 53. Kc4 Bf7+ 54. Kd3 Kb3 55. f5 Ka2 56. Bc1 b3 57. Kc3 h4 58. Kd2 h3 0-1